Qui est le plus cher ? - Statistiques

Statistiques générales
  • Ce quiz a été pris 89 fois
    16 depuis la dernière actualisation
  • Le résultat moyen est 6 sur 10
Statistiques - réponses
Question Réponse % Correct
Qui est le plus cher entre : Bradley Barcola
100%
Qui est le plus cher entre : Cole Palmer
100%
Qui est le plus cher entre : Lamine Yamal
100%
Qui est le plus cher entre : Nuno Mendes
100%
Qui est le plus cher entre : Harry Kane
80%
Qui est le plus cher entre : Alexis McAllister
60%
Qui est le plus cher entre : Aurelien Tchouameni
40%
Qui est le plus cher entre : Fermin Lopez
20%
Qui est le plus cher entre : Josko Gvardiol
20%
Qui est le plus cher entre : Warren Zaïre Emery
20%
Aucun quiz correspondant
Distribution des résultats
% des personnes avec chaque résultat
Percentile par nombre de réponses
Votre historique - résultats
Vous n’avez pas pris ce quiz depuis la dernière actualisation